000 00903nam a2200229 4500
001 114011
003 DR-UNIBE
005 20250804161036.0
008 250804b2001 sp ||||| |||| 00| 0 spa d
040 _aBIBLIOTECA UNIBE
_bspa
_cBIBLIOTECA UNIBE
_erda
041 _aspa
082 _222
_a347.01 I92r
245 1 0 _aIUDICIS:
_bred de cortes y tribunales supremos de justicia = Network of Supreme Courts of justice
_cWashington 5 de junio de 2000
260 _aMadrid :
_bEditorial Comunica,
_c2001
300 _a136 páginas:
_c20 x 13 cm
490 _aColección Utopos
500 _aTexto en español, e inglés
505 _aSesión I. Antecedentes y planes para IUDICIS | Sesión II. Ideas y planes para futuras cumbres | Anexo. Relación de participantes
650 7 _2lemb
_aCortes de justicia
_xRedes
_9198190
650 7 _2lemb
_aTribunales de justicia
_xRedes
_9198191
942 _2ddc
_cBK
999 _c114011
_d114011